| 000 | 00783nam a2200217Ia 4500 | ||
|---|---|---|---|
| 003 | GCL | ||
| 008 | 140319s9999 xx 000 0 ara d | ||
| 040 |
_aGCL / _cGCL |
||
| 082 | 0 | 4 |
_a811.1 _bز د |
| 100 | 1 | _aمحمد حمود | |
| 245 | 1 | 0 |
_aديوان زهير بن ابى سلمى / _cمحمد حمود |
| 700 | 1 | _aزهير بن أبى سلمى ربيعة بن رباح،520-610؟ م | |
| 250 | _aالاولى | ||
| 260 |
_aبيروت : _bدار الفكر اللبنانى ، _c1995 |
||
| 300 |
_a152 ص ؛ _c24 سم |
||
| 490 |
_aدواوين العرب _v0 |
||
| 650 | 0 | 4 | _aالشعر العربى |
| 650 | 0 | 4 | _aالشعر العربى - دواوين وقصائد |
| 650 | 0 | 4 | _aالشعر العربى - تاريخ ونقد - العصر الجاهلى |
| 942 |
_2ddc _cBK |
||
| 999 |
_c4805 _d4805 |
||